Google Apps - Statistics

General Stats
  • This quiz has been taken 102 times
  • The average score is 11 of 14
Answer Stats
Picture Answer % Correct
Youtube
97%
Gmail
95%
Google Chrome
95%
Google Maps
92%
Google Translate
87%
Google Drive
84%
Google Calendar
80%
Google Docs
74%
Play Store
74%
Google Photos
72%
Google Earth
69%
Google Assistant
51%
Google Keep
44%
Google News
44%
No matching quizzes found
Score Distribution
Percent of People with Each Score
Percentile by Number Answered
Your Score History
You have not taken this quiz